Guess the 1970s song lyrics #46 - Statistics

General Stats
  • This quiz has been taken 24 times
  • The average score is 92 of 167
Answer Stats
Answer % Correct
I
100%
And
81%
it
81%
the
81%
are
76%
Is
76%
to
76%
We
76%
we
76%
When
76%
you
76%
can
71%
if
71%
know
71%
me
71%
your
71%
be
67%
day
67%
don't
67%
no
67%
how
62%
I'll
62%
just
62%
never
62%
not
62%
So
62%
with
62%
But
57%
come
57%
night
57%
now
57%
them
57%
days
52%
I'm
52%
old
52%
think
52%
those
52%
about
48%
good
48%
into
48%
right
48%
see
48%
these
48%
These
48%
was
48%
Anticipation
43%
eyes
43%
feel
43%
here
43%
late
43%
making
43%
might
38%
some
38%
Cause
33%
really
33%
stay
33%
Stay
33%
tell
33%
together
33%
tomorrow
33%
try
33%
anyway
29%
arms
29%
feels
29%
Or
29%
waiting
29%
wonder
29%
after
24%
around
24%
easy
24%
keeping
24%
last
24%
thinking
24%
tonight
24%
way
24%
prophet
19%
chasing
14%
finer
14%
nature's
14%
rehearsed
14%
words
14%
Lord
5%
No matching quizzes found
Score Distribution
Percent of People with Each Score
Percentile by Number Answered
Your Score History
You have not taken this quiz